| 000 | 00459nam a2200145 4500 | ||
|---|---|---|---|
| 001 | 120086 | ||
| 003 | ES-MaACL | ||
| 007 | t| | ||
| 008 | 070214s1953 sp r ||||1| spa d | ||
| 100 | 1 |
_aPérez Urruti, Juan Antonio. _991187 |
|
| 245 | 1 | 0 |
_aDoce años de diplomacia norteamericana _b: (1932-1943) / _cpor Juan Antonio Pérez Urruti. |
| 260 |
_aMurcia : _bSucesores de Nogués, _c1953. |
||
| 300 |
_a176 p. ; _c24 cm. |
||
| 852 |
_aES-MaACL _jC-6378 _bR.35591 |
||
| 999 |
_c120086 _d120086 |
||